000 00613nam a2200193Ia 4500
008 140321s9999 xx 000 0 und d
020 _a9781466565401
050 _aHD 30.28
_b.P285 2013
100 _aPaley, Norton
245 _aHow to outthink, outmaneuver, and outperform your competitors :
_blessons from the masters of strategy /
_cNorton Paley.
260 _aNew York :
_bCRC Press, Taylor and Francis,
_cc2013.
300 _a275 p. :
_bill. ;
_c25 cm.
500 _aIncludes index.
521 _aBSBA
650 _aCompetition.
650 _aStrategic planning.
942 _kFOR
_cBK
999 _c48248
_d48248